000 00615nmm a2200193Ia 4500
008 251105s9999||||xx |||||||||||||||||und||
020 _a9788496813380
041 _aspa
100 _aMartínez Millán, José
245 0 _aCentros de poder italianos en la Monarquía Hispánica. Vol. III
264 _a[Madrid, España] :
_bEdiciones Polifemo,
_c2010
300 _a785 páginas
490 _aLa Corte en Europa. Temas
650 _aHistory of Europe
700 _aMartínez Millán, José
700 1 _a Rivero Rodríguez, Manuel
856 _uhttps://public.digitaliapublishing.com/a/19036
942 _cCF
999 _c68499
_d68499